Společnosti osobní a kapitálové.
Delenie obchodných spoločností na osobné a kapitálové. Charakteristika jednotlivých právnych foriem obchodnej spoločnosti podľa troch kritérií: základný majetok; zodpovednosť za záväzky; obchodné vedenie spoločnosti. Charakteristické črty kapitálových spoločností (účastinnej spoločnosti a spoločnost...
Enregistré dans:
| Auteur principal: | |
|---|---|
| Format: | Chapitre de livre |
| Langue: | tchèque |
| Sujets: | |
| Tags: |
Pas de tags, Soyez le premier à ajouter un tag!
|
MARC
| LEADER | 00000naa a2200000 4500 | ||
|---|---|---|---|
| 001 | r007982 | ||
| 005 | 20220831084138.5 | ||
| 041 | 0 | |a cze | |
| 044 | |a [CS] | ||
| 245 | 1 | 0 | |a Společnosti osobní a kapitálové. |c Jiří Nesnídal |
| 520 | |a Delenie obchodných spoločností na osobné a kapitálové. Charakteristika jednotlivých právnych foriem obchodnej spoločnosti podľa troch kritérií: základný majetok; zodpovednosť za záväzky; obchodné vedenie spoločnosti. Charakteristické črty kapitálových spoločností (účastinnej spoločnosti a spoločnosti s ručením obmedzeným) a osobných spoločností (verejnej obchodnej spoločnosti a komanditnej spoločnosti). | ||
| 610 | 2 | 0 | |a spoločnosti obchodné |
| 610 | 2 | 0 | |a spoločnosti akciové |
| 610 | 2 | 0 | |a podnikanie obchodné |
| 610 | 2 | 0 | |a hospodárstvo trhové |
| 610 | 2 | 0 | |a pojmy |
| 100 | 1 | |a Nesnídal, Jiří | |